000 01419cam a2200361 a 4500
001 2554504
003 SISC
005 20160404152859.0
008 941108s1994 nyua f 001 0 eng
010 _a 94227861
020 _a0671891634 (pbk.) :
_c$12.50 ($16.00 Can.)
020 _a0671759159
040 _aDLC
_cDLC
_dDLC
043 _an-us---
050 0 0 _aHG 4921
_b.L987 1994
082 0 0 _aHS 332.632
_bL99 1994
100 1 _aLynch, Peter
_q(Peter S.)
_911722
245 1 0 _aBeating the Street :
_cPeter Lynch with John Rothchild.
260 _aNew York :
_bSimon & Schuster,
_cc1994.
300 _a332 p. :
_bill. ;
_c22 cm.
500 _aIncludes index.
650 0 _aStocks
_zUnited States
_xHandbooks, manuals, etc.
_911723
650 0 _aMutual funds
_zUnited States
_xHandbooks, manuals, etc.
_911724
700 1 _aRothchild, John.
_911725
856 4 2 _3Contributor biographical information
_uhttp://www.loc.gov/catdir/bios/simon051/94227861.html
856 4 2 _3Publisher description
_uhttp://www.loc.gov/catdir/description/simon041/94227861.html
856 4 1 _3Table of contents only
_uhttp://www.loc.gov/catdir/enhancements/fy0631/94227861-t.html
856 4 1 _3Sample text
_uhttp://www.loc.gov/catdir/enhancements/fy0641/94227861-s.html
906 _a7
_bcbc
_corignew
_d2
_encip
_f19
_gy-gencatlg
942 _2lcc
_cBK
999 _c8897
_d8897